Delvis satellittbilder av land #1 - Statistics

General Stats
  • This quiz has been taken 39 times
  • The average score is 8 of 15
Answer Stats
Picture Answer % Correct
Italia
90%
Frankrike
74%
Hellas
71%
Kypros
71%
Cuba
68%
Tyrkia
68%
Indonesia
61%
Russland
61%
Madagaskar
55%
Canada
52%
Taiwan
39%
Tyskland
39%
Filippinene
32%
Irak
23%
Panama
23%
No matching quizzes found
Score Distribution
Percent of People with Each Score
Percentile by Number Answered
Your Score History
You have not taken this quiz